000 01228nam a2200373 a 4500
001 vtls000393279
003 NLI
005 20210602195429.0
008 110114s2008 ii b g 000 0 mal d
020 _a8182645743
_cRs. 100.00 (pbk)
039 9 _y201101140120
_zVLOAD
040 _aNLI :
_beng
_cNLMARC21
041 _aMal
044 _aii
082 0 4 _a954.83
_222
100 1 _6880-01
_aകുറുപ്പ്, കെ. കെ. എ൯.
_9349807
245 1 _6880-02
_aപഴശ്ശി : :
_bസമരരേഖകള് //
_cകെ. കെ. എ൯. കുറുപ്പ്
260 _aകോഴിക്കോട് : :
_bമാതൃഭൂമി,,
_c2008
300 _a195 p.: :
_b1 map;;
_c22 cm.
500 _aHistory of kerala
500 _aIncludes Bibliography
650 0 _aHistory, Kerala
_9580236
700 1 _6880-03
880 1 _6100-01/(B
_aKuruppu, K.K.N.
880 1 0 _6245-02/(B
_aPazhaśśi :
_bsamararēkhakaḷ
_dK.K.N. Kuruppu
880 1 _6700-03/(B
887 _ahashim $a LD
901 _aMal 39775
_b18.7.08
902 _aMal 954.83 Ku 9688 p (1)
904 _ahashim
905 _a$a LD
942 _2ddc
_cBKS
949 _AVIRTUAITEM
_D10010
_X100
_6DBA000039775MAL
999 _aVIRTUA40
_c352012
_d352012